| 000 | 00663nam a2200157Ia 4500 | ||
|---|---|---|---|
| 008 | 231221s9999 xx 000 0 und d | ||
| 020 | _a978-3-642-34062-8 | ||
| 041 | _aEnglish | ||
| 100 | _aBaoxiang Liu, Maode Ma, Jincai Chang | ||
| 245 | 0 | _aInformation Computing and Applications | |
| 260 |
_c2012 _bSpringer US _aNew York |
||
| 440 | _aLecture Notes in Computer Science | ||
| 650 | _aComputer Communication Networks; Algorithm Analysis and Problem Complexity; Software Engineering; Information Systems Applications (incl.Internet); Probability and Statistics in Computer Science; Business Information Systems | ||
| 650 | _aComputer Science | ||
| 942 | _cEB | ||
| 999 |
_c224808 _d224808 |
||